Bài tập cơ học kết cấu
Sách gồm hai phần: 1) Phần đề bài của các bài tập. 2) Phần bài giải và đáp số được biên soạn theo các mức độ: Đáp số, đáp số có chỉ dẫn cách giải và bài giải đầy đủ. Ngoài ra, sách còn có các đề bài tập lớn và bài giải mẫu tương u...
Gardado en:
| Autor Principal: | |
|---|---|
| Formato: | Libro |
| Idioma: | Undetermined |
| Publicado: |
Hà Nội
Khoa học và Kỹ thuật
1996
|
| Những chủ đề: | |
| Các nhãn: |
Engadir etiqueta
Sen Etiquetas, Sexa o primeiro en etiquetar este rexistro!
|
| Thư viện lưu trữ: | Trung tâm Học liệu Trường Đại học Cần Thơ |
|---|
| LEADER | 01006nam a2200205Ia 4500 | ||
|---|---|---|---|
| 001 | CTU_16755 | ||
| 008 | 210402s9999 xx 000 0 und d | ||
| 082 | |a 624.171076 | ||
| 082 | |b Tr312/T1/1996 | ||
| 100 | |a Lều Thọ Trình | ||
| 245 | 0 | |a Bài tập cơ học kết cấu | |
| 245 | 0 | |c Lều Thọ Trình, Nguyễn Mạnh Yên | |
| 260 | |a Hà Nội | ||
| 260 | |b Khoa học và Kỹ thuật | ||
| 260 | |c 1996 | ||
| 520 | |a Sách gồm hai phần: 1) Phần đề bài của các bài tập. 2) Phần bài giải và đáp số được biên soạn theo các mức độ: Đáp số, đáp số có chỉ dẫn cách giải và bài giải đầy đủ. Ngoài ra, sách còn có các đề bài tập lớn và bài giải mẫu tương ứng | ||
| 650 | |a Mechanics, Applied,statics | ||
| 650 | |x problems, exercises | ||
| 904 | |i Minh, 970612 | ||
| 980 | |a Trung tâm Học liệu Trường Đại học Cần Thơ | ||